Top 10 Städte mit den meisten Milliardären - Statistiken

Allgemein
  • Dieses Quiz wurde 286 mal gespielt
  • Das Durchschnittsergebnis liegt bei 5 aus 10
Antwortstatistiken
# No. Stadt % Korrekt
1. 79 New York
98%
5. 48 London
81%
4. 51 Peking
71%
3. 60 Moskau
59%
7. 31 Shanghai
54%
2. 68 Hong Kong
42%
10. 28 San Francisco
37%
8. 30 Seoul
31%
6. 32 Mumbai
24%
9. 30 Shenzhen
7%
Keine übereinstimmenden Quizze gefunden
Verteilung der Resultate
Anzahl Personen mit jedem Resultat
Perzentil nach korrekt beantworteten Fragen
Ihre Resultats-Entwicklung
Sie haben dieses Quiz noch nicht gespielt